| 000 | 00372nam a2200121Ia 4500 | ||
|---|---|---|---|
| 008 | 230907s9999||||xx |||||||||||||| ||und|| | ||
| 082 | _a621.319,HAS | ||
| 100 |
_aHase, Yoshihide, _9115111 |
||
| 245 | 0 | _aHandbook of power systems engineering with power electronics applications / | |
| 260 |
_aJohn Wiley, _bHoboken, NJ : _c2013 |
||
| 300 | _axxviii, 768 p. : | ||
| 942 | _cBK | ||
| 999 |
_c597602 _d597602 |
||